Testigos hasta el fin : monjes cristianos en el islam /

Gespeichert in:
Bibliographische Detailangaben
1. Verfasser: Olivera, Bernardo (autor)
Format: Buch
Sprache:Spanisch
Veröffentlicht: Navarra, España : La Oliva, 1997, c1997
Tags: Tag hinzufügen
Keine Tags, Fügen Sie das erste Tag hinzu!

MARC

LEADER 00000nam^a2200000^a^4500
001 000445742
005 20250521000000.0
009 20260310123551.634
020 |a 84605-6188-7 
037 |a Acervo Xavier Clavigero 
041 |a ESP 
091 |a FCA. 01066 
100 |a Olivera, Bernardo  |e (autor) 
245 1 0 |a Testigos hasta el fin :  |b monjes cristianos en el islam / 
264 4 |a Navarra, España :  |b La Oliva,  |c 1997, c1997 
300 |a 111 p. 
336 |a texto  |b txt  |2 rdacontenido 
337 |a sin mediación  |b n  |2 rdamedio 
338 |a volumen  |b nc  |2 rdasoporte 
649 |a XX 
910 |a Fondo Xavier Cacho Vázquez S.J. 
920 |a Impresos - Libros 
930 |a Fondos Especiales 
905 |a 131 
901 |a 0500371921  |b IT2  |c ESP  |i D  |u 20250521 
902 |a https://opac.biblio.iteso.mx/vufind/Record/000445742